Т. 104, № 5; Вестник машиностроения

Xehetasun bibliografikoak
Parent link:Вестник машиностроения=Russian Engineering Research: научно-технический и производственный журнал. Т. 104, № 5.— .— Москва: Инновационное машиностроение, 1943-.— 0042-4633
Gaia:Текстовый файл
AM_Agreement
Hizkuntza:errusiera
Argitaratua: 2025
Sarrera elektronikoa:https://www.elibrary.ru/contents.asp?id=82336128
Formatua: MixedMaterials Baliabide elektronikoa Liburua
KOHA link:https://koha.lib.tpu.ru/cgi-bin/koha/opac-detail.pl?biblionumber=680759

MARC

LEADER 00000nam2a2200000 4500
001 680759
005 20250623103821.0
090 |a 680759 
100 |a 20250623d2025 k||y0rusy50 ca 
101 0 |a rus 
102 |a RU 
105 |a a z 001yy 
135 |a drcn ---uucaa 
181 0 |a i   |b  e  
182 0 |a b 
183 0 |a cr  |2 RDAcarrier 
200 0 |a Т. 104, № 5 
203 |a Текст  |c электронный  |b визуальный 
210 |d 2025 
283 |a online_resource  |2 RDAcarrier 
320 |a Библиография в конце статей 
336 |a Текстовый файл 
371 0 |a AM_Agreement 
461 1 |0 379701  |9 379701  |t Вестник машиностроения  |l Russian Engineering Research  |o научно-технический и производственный журнал  |c Москва  |n Инновационное машиностроение  |d 1943-  |v Т. 104, № 5  |x 0042-4633 
801 0 |a RU  |b 63413507  |c 20250623  |g PSBO 
850 |a 63413507 
856 4 0 |u https://www.elibrary.ru/contents.asp?id=82336128  |z https://www.elibrary.ru/contents.asp?id=82336128 
942 |c CF